Loading...
| Literature - European | 1 | 5 | 0 | 0 | 65 | 74 | 107.00 | 4 | 6 | 0.00 | 0.00 |
| Literature - American | 0 | 5 | 1 | 0 | 45 | 71 | 107.60 | 1 | 5 | 0.00 | 0.00 |
| Other Arts: Auditory | 0 | 3 | 0 | 0 | 30 | 132 | 135.67 | 2 | 3 | 0.00 | 0.00 |
| History - American | 0 | 3 | 0 | 0 | 30 | 83 | 127.33 | 1 | 3 | 0.00 | 0.00 |
| History - World | 0 | 3 | 1 | 0 | 25 | 100 | 112.67 | 2 | 3 | 0.00 | 0.00 |
| Beliefs | 0 | 2 | 0 | 0 | 20 | 93 | 96.50 | 2 | 2 | 0.00 | 0.00 |
| Current Events | 0 | 2 | 0 | 1 | 20 | 132 | 141.50 | 1 | 2 | 0.00 | 0.00 |
| Social Science | 0 | 2 | 0 | 0 | 20 | 106 | 124.50 | 2 | 2 | 0.00 | 0.00 |
| Philosophy | 1 | 1 | 1 | 0 | 20 | 64 | 91.00 | 2 | 2 | 0.00 | 0.00 |
| Other Academic | 0 | 2 | 0 | 0 | 20 | 78 | 78.00 | 1 | 2 | 0.00 | 0.00 |
| Fine Arts - Auditory | 0 | 2 | 0 | 0 | 20 | 77 | 111.00 | 1 | 2 | 0.00 | 0.00 |
| Literature - British | 0 | 2 | 0 | 0 | 20 | 97 | 98.50 | 1 | 2 | 0.00 | 0.00 |
| Science - Chemistry | 0 | 2 | 0 | 0 | 20 | 88 | 98.50 | 2 | 2 | 0.00 | 0.00 |
| Fine Arts - Visual | 0 | 2 | 1 | 0 | 15 | 104 | 114.50 | 1 | 2 | 0.00 | 0.00 |
| Science - Biology | 0 | 2 | 1 | 0 | 15 | 85 | 103.00 | 0 | 2 | 0.00 | 0.00 |
| Ancient History and Archaeology | 0 | 1 | 0 | 0 | 10 | 125 | 125.00 | 1 | 1 | 0.00 | 0.00 |
| Geography | 0 | 1 | 0 | 0 | 10 | 130 | 130.00 | 1 | 1 | 0.00 | 0.00 |
| History - European | 0 | 1 | 0 | 0 | 10 | 138 | 138.00 | 0 | 1 | 0.00 | 0.00 |
| Other Arts: Visual | 0 | 1 | 0 | 0 | 10 | 124 | 124.00 | 1 | 1 | 0.00 | 0.00 |
| Science - Physics | 0 | 1 | 0 | 0 | 10 | 135 | 135.00 | 0 | 1 | 0.00 | 0.00 |
| Other Science: Astronomy | 0 | 1 | 1 | 0 | 5 | 74 | 74.00 | 1 | 1 | 0.00 | 0.00 |
| World and Other Literature | 0 | 1 | 1 | 0 | 5 | 118 | 118.00 | 1 | 1 | 0.00 | 0.00 |
| British and Commonwealth History | 0 | 0 | 0 | 0 | 0 | 0.00 | 0 | 0 | 0.00 | 0.00 | |
| 0 | 0 | 1 | 0 | -5 | 0.00 | 0 | 0 | 0.00 | 0.00 | ||
| Other Science: Earth Science | 0 | 0 | 1 | 0 | -5 | 0.00 | 0 | 0 | 0.00 | 0.00 |